Caricamento...
L' Amour est danslesies
| Autore principale: | |
|---|---|
| Natura: | Printed Book |
| Lingua: | Malayalam |
| Pubblicazione: |
Editions Sfelt, Paris
Editions Sfelt, Paris
1945
|
| LEADER | 00458nam a2200121Ia 4500 | ||
|---|---|---|---|
| 008 | 111205s9999 xx 000 0 mal d | ||
| 100 | |a Marchon ,Albert | ||
| 245 | |a L' Amour est danslesies |c Marchon ,Albert | ||
| 260 | |b Editions Sfelt, Paris |a Editions Sfelt, Paris |c 1945 | ||
| 300 | |a 154 | ||
| 942 | |c BK | ||
| 999 | |c 208408 |d 208408 | ||
| 952 | |0 0 |1 0 |2 ddc |4 0 |6 S_12_000000000000000_R4 |7 0 |9 230478 |a MAL |b MAL |c SEC |d 1990-07-16 |g 0.00 |l 0 |o S12 R4 |p MAL22432 |r 2011-12-05 |v 0.00 |w 2011-12-05 |y BK | ||